000 00508nam a2200181Ia 4500
003 GCL
008 140319s9999 xx 000 0 eng d
040 _aGCL /
_cGCL
082 0 4 _a327.55
_bA R
100 1 _aAMIRAH MADI, HOOSHING
245 1 0 _aRECONSTRUCTION AND REGIONAL DIPLOMACY IN THE PERSIAN GULF /
_cAMIRAH MADI, HOOSHING
700 1 _aENTESSAR, NADER
260 _a[S.N] :
_bROUTLEDGE ،
_c1992
300 _a306 P
650 0 4 _aFOREIGN RELATIONS
650 0 4 _aIRAN - POLITICS
942 _2ddc
_cBK
999 _c10404
_d10404